Les 10 meilleurs buteurs français de l’histoire de la LDC - Statistiques

Statistiques générales
  • Ce quiz a été pris 1 225 fois
  • Le résultat moyen est 8 sur 10
Statistiques - réponses
Top Matchs Buts Joueur % Correct
3 61 40 Kylian Mbappé
98%
1 149 90 Karim Benzema
97%
2 112 50 Thierry Henry
94%
7 55 22 Olivier Giroud
88%
4 85 30 Antoine Griezmann
87%
10 28 17 Michel Platini
73%
5 57 29 David Trezeguet
67%
6 37 28 Jean-Pierre Papin
59%
9 87 18 Franck Ribery
57%
8 68 20 Nicolas Anelka
41%
Aucun quiz correspondant
Distribution des résultats
% des personnes avec chaque résultat
Percentile par nombre de réponses
Votre historique - résultats
Vous n’avez pas pris ce quiz